Preskoči na sadržaj

Исследование влияния суб- и сверхкритических воздействий на древесную матрицу на примере можжевельника обыкновенного. 05.21.03 – технология и оборудование химической переработки биомассы дерева; химия древесины: автореферат диссертации на соискание ученой степени кандидата химических наук

В настоящее время все больше внимания уделяется разработке принципиально новых подходов к процессам комплексной переработки возобновляемого растительного сырья как одной из главных составляющих природных ресурсов. Причем значительный интерес исследователей вызывает применение методов как химического...

Cijeli opis

Spremljeno u:
Bibliografski detalji
Glavni autor: Красикова А. А.
Format: Книга
Jezik:Russian
Izdano: Архангельск САФУ 2019
Online pristup:https://e.lanbook.com/book/161908
https://e.lanbook.com/img/cover/book/161908.jpg
Oznake: Dodaj oznaku
Bez oznaka, Budi prvi tko označuje ovaj zapis!
LEADER 03239nam0a2200229 i 4500
001 161908
003 RuSpLAN
005 20221220174114.0
008 221220s2019 ru gs 000 0 rus
040 |a RuSpLAN 
041 0 |a rus 
044 |a ru 
245 0 0 |a Исследование влияния суб- и сверхкритических воздействий на древесную матрицу на примере можжевельника обыкновенного. 05.21.03 – технология и оборудование химической переработки биомассы дерева; химия древесины: автореферат диссертации на соискание ученой степени кандидата химических наук  |c Красикова А. А. 
260 |a Архангельск  |b САФУ  |c 2019 
300 |a 20 с. 
504 |a Библиогр.: доступна в карточке книги, на сайте ЭБС Лань 
520 8 |a В настоящее время все больше внимания уделяется разработке принципиально новых подходов к процессам комплексной переработки возобновляемого растительного сырья как одной из главных составляющих природных ресурсов. Причем значительный интерес исследователей вызывает применение методов как химического (регулирование состава реакционной среды), так и физического (повышенное давление, резкий сброс давления, кавитация) воздействия на растительное сырье в качестве основ для создания современных технологий. С этих позиций перспективным является внедрение в схемы комплексной переработки растительного сырья процессов, проводимых в сверхкритических (сверхкритические флюидные технологии) и субкритических условиях (взрывной автогидролиз). Данные методы не только являются более экологичными и удовлетворяют основным принципам «зеленой химии», но и позволяют проводить направленную модификацию древесной матрицы, регулируя капиллярно-пористую структуру растительного сырья за счет изменения степени воздействия. 
521 8 |a Книга из коллекции САФУ - Лесное хозяйство и лесоинженерное дело 
100 1 |a Красикова А. А. 
856 4 |u https://e.lanbook.com/book/161908 
856 4 8 |u https://e.lanbook.com/img/cover/book/161908.jpg 
953 |a https://e.lanbook.com/img/cover/book/161908.jpg 
Cannot write session to /tmp/vufind_sessions/sess_gv70s7acas3idl08hci13uk1fr